| 000 | 00324nam a22001217a 4500 | ||
|---|---|---|---|
| 082 |
_a004 _bCBSE/I |
||
| 100 | _aCENTRAL BOARD OF SECONDARY EDUCATION | ||
| 245 |
_aINFORMATICS PRACTICES _bCLASS XI |
||
| 260 |
_aDELHI _bCENTRAL BOARD OF SECONDARY EDUCATION _c2010 |
||
| 300 | _a337 | ||
| 650 |
_aIP FOR CLASS XI _zINDIA |
||
| 942 | _cBK | ||
| 999 |
_c568 _d568 |
||